000 00526 a2200181 4500
003 OSt
005 20260307132919.0
008 260307b |||||||| |||| 00| 0 eng d
020 _a9789364873734
040 _coclc
082 _a894.8129
_bKRI/N
100 1 _aKrishnan, Sunitha
_910620
245 _aNJAN NJAN THANNE ORMAKKURIPPUKAL /
_cSunitha Krishnan
250 _a1st Ed.
260 _aKottayam:
_bD C Books.
_c2025,
300 _a415 pages
942 _2ddc
_cBK
_h894.8129
_iKRI/N
_k894.8129
_mKRI/N
999 _c44662
_d44662